| 000 | 01168cab a2200277 4500 | ||
|---|---|---|---|
| 001 | ABS53293 | ||
| 008 | 090401t1995 xxu||||| |||| 00| 0 eng d | ||
| 035 | _a(Sirsi) u3316 | ||
| 041 | _aeng | ||
| 100 | _aCollinson, I. | ||
| 245 | _aGlimmer of a second chance for out-of-time permissions | ||
| 260 | _c1995 | ||
| 350 | _a0 | ||
| 490 |
_aProperty Week _v52(2) 13 July 1995, 29(1) |
||
| 520 | _aDiscusses "R v SoS Environment, ex parte Corby BC" (1994), in which Town and Country Planning Act 1990 s73 was interpreted to give applicants for planning permission a way to apply for an extension of time for the submission of reserved matters, thus enabling the resurrection of planning applications without the need for the submission of a fresh application. | ||
| 650 | _aMATERIAL CONSIDERATIONS | ||
| 650 | _aPLANNING APPLICATIONS | ||
| 650 | _aR V SOS ENVIRONMENT EX P CORBY BC | ||
| 650 | _aRESERVED MATTERS | ||
| 650 | _aTOWN AND COUNTRY PLANNING ACT 1990 S93 | ||
| 650 | _aTOWN AND COUNTRY PLANNING ACT 1990 S73 | ||
| 650 | _aTOWN AND COUNTRY PLANNING ACT 1990 S73(4) | ||
| 690 | _aPLANNING LAW AND PRACTICE | ||
| 942 | _n0 | ||
| 948 | _c04/03/1997 | ||
| 999 |
_c2028 _d2028 |
||